00481nam a22001697a 450000500170000001000150001702000260003203500140005803700130007208200060008510000230009124500670011425000060018126000500018727000540023730000200029120220721105934.0 aENG-133752 a9788170546153c300.00 aEN-117284 bDBAD/PUB aS aMohapatra, Loknath aThe dare-devil and other short stories /cby Loknath Mohapatra a  aNew DelhibClassical Publishing Companyc2012 a28, Shopping Centre, KarampurabNew Delhie110015 a112p.c22cm(Hb)